Military leadership (Record no. 34144)
[ view plain ]
| 000 -LEADER | |
|---|---|
| fixed length control field | 01282cam a2200301 a 4500 |
| 001 - CONTROL NUMBER | |
| control field | 1879041 |
| 003 - CONTROL NUMBER IDENTIFIER | |
| control field | 0 |
| 005 - DATE AND TIME OF LATEST TRANSACTION | |
| control field | 20170105113126.0 |
| 008 - FIXED-LENGTH DATA ELEMENTS--GENERAL INFORMATION | |
| fixed length control field | 831006s1984 cou b 000 0 eng |
| 010 ## - LIBRARY OF CONGRESS CONTROL NUMBER | |
| LC control number | 83021769 |
| 020 ## - INTERNATIONAL STANDARD BOOK NUMBER | |
| International Standard Book Number | 0865317305 (pbk.) : |
| Terms of availability | $15.00 (est.) |
| 020 ## - INTERNATIONAL STANDARD BOOK NUMBER | |
| International Standard Book Number | 0865317291 : |
| Terms of availability | $25.00 (est.) |
| 040 ## - CATALOGING SOURCE | |
| Original cataloging agency | DLC |
| Transcribing agency | DLC |
| Modifying agency | DLC |
| -- | OCoLC |
| -- | DLC |
| 050 00 - LIBRARY OF CONGRESS CALL NUMBER | |
| Classification number | UB210 |
| Item number | .M553 1984 |
| 082 00 - DEWEY DECIMAL CLASSIFICATION NUMBER | |
| Classification number | 355.33041,WAK |
| Edition number | 19 |
| 245 00 - TITLE STATEMENT | |
| Title | Military leadership |
| Remainder of title | in pursuit of excellence |
| Statement of responsibility, etc. | edited by Robert L. Taylor and William E. Rosenbach ; with a foreword by Malham M. Wakin. |
| 260 ## - PUBLICATION, DISTRIBUTION, ETC. | |
| Place of publication, distribution, etc. | Boulder, Colo. : |
| Name of publisher, distributor, etc. | Westview Press, |
| Date of publication, distribution, etc. | 1984. |
| 300 ## - PHYSICAL DESCRIPTION | |
| Extent | xiv, 253 p. ; |
| Dimensions | 23 cm. |
| 504 ## - BIBLIOGRAPHY, ETC. NOTE | |
| Bibliography, etc. note | I |
| 505 ## - FORMATTED CONTENTS NOTE | |
| Formatted contents note | PART-1: The Concept of Leadership (page-1) PART-2: The Dilemma of Leadership and Management (page-75) PART-3: Leadership in Transition (page-129) PART-4: Military Leadership Challenge and Opportunity (page-211) |
| 538 ## - SYSTEM DETAILS NOTE | |
| Display text | Almirah No. 54 Shelf No. 2 |
| 650 #0 - SUBJECT ADDED ENTRY--TOPICAL TERM | |
| Topical term or geographic name entry element | Leadership. |
| 700 1# - ADDED ENTRY--PERSONAL NAME | |
| Personal name | Taylor, Robert L. |
| Fuller form of name | (Robert Lewis), |
| Dates associated with a name | 1939- |
| 700 1# - ADDED ENTRY--PERSONAL NAME | |
| Personal name | Rosenbach, William E. |
| 856 42 - ELECTRONIC LOCATION AND ACCESS | |
| Materials specified | Contributor biographical information |
| Uniform Resource Identifier | <a href="http://www.loc.gov/catdir/enhancements/fy0832/83021769-b.html">http://www.loc.gov/catdir/enhancements/fy0832/83021769-b.html</a> |
| 906 ## - LOCAL DATA ELEMENT F, LDF (RLIN) | |
| a | 7 |
| b | cbc |
| c | orignew |
| d | 1 |
| e | ocip |
| f | 19 |
| g | y-gencatlg |
| 942 ## - ADDED ENTRY ELEMENTS (KOHA) | |
| Source of classification or shelving scheme | |
| Koha item type | Book |
| Call number prefix | 355.33041,WAK |
| Withdrawn status | Lost status | Source of classification or shelving scheme | Damaged status | Not for loan | Permanent Location | Current Location | Shelving location | Date acquired | Full call number | Barcode | Date last seen | Price effective from | Koha item type | Collection code | Source of acquisition | Total Checkouts |
|---|---|---|---|---|---|---|---|---|---|---|---|---|---|---|---|---|
| Central Library (CL) | Central Library (CL) | Book Cart | 01/28/2019 | 355.33041 TAY | CL-D-304 | 09/25/2025 | 01/28/2019 | Book | Donation | |||||||
| Central Library (CL) | Central Library (CL) | Book Cart | 01/28/2019 | 355.33041 TAY | CL-D-305 | 12/16/2019 | 01/28/2019 | Book | Donation | |||||||
| Central Library (CL) | Central Library (CL) | 09/09/2020 | 355.33041 TAY | S3H-D-236 | 09/09/2020 | 09/09/2020 | Book | |||||||||
| Central Library (CL) | Central Library (CL) | 09/09/2020 | 355.33041 TAY | S3H-D-245 | 09/09/2020 | 09/09/2020 | Book | |||||||||
| School of Mechanical & Manufacturing Engineering (SMME) | School of Mechanical & Manufacturing Engineering (SMME) | Book Bank | 07/27/2016 | 355.33041 TAY | SMME-BB39 | 04/02/2018 | 07/27/2016 | Book |
